000 00916nam a2200289 i 4500
001 000039098
003 DO-SdBNP
005 20251008144348.0
007 ta
008 130521s1984 dr 000 0 spa d
040 _aDO-SdBNP
_bspa
_cBNPHU
_erda
041 _aspa
082 4 _axxxx
_bG633m
_222
100 1 _aGómez De Michel, Fiume,
_eautor
_4aut.
_965313
_d1941-
245 1 0 _aManual de literatura dominicana y américana /
_cFiume Gómez De Michel.
250 _aCuarta edición
264 1 _aSanto Domingo :
_bEditora Alfa y Omega,
_c1984.
300 _a511 páginas ;
_c27 cm.
336 _atexto
_btxt
_2rdacontent
337 _asin mediación
_bn
_2rdamedia
338 _avolumen
_bnc
_2rdacarrier
500 _aIncluye datos biográficos del autor en la contracubieta.
504 _aBibliografía : páginas 503-511
590 _aInventariado, 2020/ YL
910 _aYLockward
942 _2ddc
_cLBS1
999 _c38588
_d38588